000 00253nam a2200121Ia 4500
082 _a615.1
_bP11S
100 _aGAUD, R.S.
245 _aPRACTICAL PHARMACEUTICS
260 _bCBS- DELHI
300 _a306
650 _aPHARMACEUTICS
942 _2ddc
_cBK
_06
999 _c7158
_d7158